000 00645nam a2200241Ia 4500
003 OSt
005 20220928132716.0
006 a|||||r|||| 00| 0
007 ta
008 220927b |||||||| |||| 00| 0 eng d
024 _a82826
037 _cTextual
040 _aSDCL
_cSDCL
_beng
041 _2eng
_aeng
082 _aQ8441, N
100 _aJagjit Singh
245 0 _aBrief history of Sikh Gurus religious masters
260 _aAmritsar
_bSri Guru Granth Saheb
650 _aSikhism
_9482689
700 _a Madaan H N
_9482690
942 _hQ8441, N
_cTEXL
_2CC
999 _c795479
_d795479